Tadeusz Zabiega (1897-1975)

Titel: Tadeusz Zabiega (1897-1975)
Verfasser:
In: Szkice ke̜dzierzyńsko-kozielskie, Band 3 (1990), Seite 166-169
alle Artikel anzeigen
Veröffentlicht: 1990
Format: Aufsatz
Sprache: Polnisch
Kein Bild verfügbar
X
alg: 39460356
001A    $01999:12-11-16 
001B    $01999:30-05-21 $t22:09:36.000 
001C    $06050:19-11-16 $t09:34:11.000 
001D    $01999:12-11-16 
001U    $0utf8 
001X    $00 
002@    $0Aox 
003@    $0394603567 
007A    $0394603567 $aHEB 
007T    $0Herdww014543 
010@    $apol 
011@    $a1990 
021A    $aTadeusz Zabiega (1897-1975) 
028A    $aMazur $dJan 
031A    $d3 $h166-169 $j1990 
039B    $aIn $8--Abvc--. Szkice ke̜dzierzyńsko-kozielskie. - Kędzierzyn-Koźle : Towarzystwo Ziemi Kozielskiej, 1985-. - ISSN 0860-1062 $x199000000030000834 $9048584932 
045F    $a929.09438 $eDDC23BSB 
045F/01 $a929 
045F/03 $g438 
045F/03 $g4385 
045T    $a-OST $qDE-12 $2FID 
045T    $a7,41 

lok: 39460356 78

exp: 39460356 78 1 #EPN
201B/01 $031-10-19 $t22:44:03.000 
201U/01 $0utf8 
203@/01 $0790714000 
208@/01 $a12-11-16 $be 
209A/01 $a/ $f000 $x00 
220C/01 $aTitelaufnehmer: KS 
220C/01 $aHerkunft: CBŚB Wrocław 
244Z/01 $2Trx $#Silesia $#Śląsk $#Sliezsko $#Slezsko $8--Trx--Schlesien $x01 $9391173987 
244Z/01 $2Trx $#Poola $#Lenkija $#Polija $#Polen Land $#Poland $#Lengyelország $#Poľsko $#Polsko $8--Trx--Polska$gkraj $x02 $9391345966 
244Z/01 $#Kandrzin-Cosel $74286225-5 $8--Tg1--Ke̜dzierzyn-Koźle $x03 $9086548549 
244Z/01 $aGeschichte 1897-1975 $x04 
244Z/01 $2Trx $8--Trx--Zabiega, Tadeusz$Z1897-1975 $x05 $9390700290 
244Z/01 $2Trx $#arstid $#gydytojai $#physicians $#orvosok $#lekarze $#lekári $#lékaři $#Mediziner $8--Trx--Ärzte $x06 $9391359754 
244Z/01 $2Trx $8--Trx--Zeitschriftenaufsatz $x07 $9391384341 
244Z/01 $2Trx $#biograafiad $#biografijos $#biography $#életrajzok $#biografia $#biografie $#biografie $8--Trx--Biographie $x08 $9391352938 
245Z/01 $a12.03 $x01 
247C/01 $82080>Marburg/Lahn, Herder-Institut, Forschungsbibliothek, Bibliographieportal $9336309341
LEADER 00000caa a22000002c 4500
001 394603567
003 DE-603
005 20210530220936.0
007 tu
008 161112s1990 xx |||| | u00||u|pol c
035 |a (DE-599)HEB394603567 
040 |a DE-603  |b ger  |c DE-603  |d DE-603 
041 |a pol 
082 0 4 |8 1\u  |a 929.09438  |q DE-101  |2 23/BSB 
084 |a -OST  |q DE-12  |2 fid 
084 |a 7,41  |2 ssgn 
085 |8 1\u  |b 929 
085 |8 1\u  |z 2  |s 438 
085 |8 1\u  |z 2  |s 4385 
100 1 |a Mazur, Jan 
245 0 0 |a Tadeusz Zabiega (1897-1975) 
264 0 |c 1990 
773 0 8 |i In  |t Szkice ke̜dzierzyńsko-kozielskie  |d Kędzierzyn-Koźle : Towarzystwo Ziemi Kozielskiej, 1985-  |x 0860-1062  |g Band 3 (1990), Seite 166-169  |w (DE-603)048584932  |w (DE-600)1080389-0 
924 0 |9 2080  |a (DE-603)790714000  |b DE-2080  |c HES  |d d  |g /